LIBRARY & INFORMATION CENTRE, KCAET, TAVANUR

ONLINE PUBLIC ACCESS CATALOGUE (OPAC)

Saptparna / (Record no. 3655)

MARC details
000 -LEADER
fixed length control field 00443cam a2200193ua 4500
041 ## - LANGUAGE CODE
Language code of text/sound track or separate title hin
082 ## - DEWEY DECIMAL CLASSIFICATION NUMBER
Classification number 891.54
Item number MAH/SA
100 ## - MAIN ENTRY--AUTHOR NAME
Personal name Mahadevi, .
245 ## - TITLE STATEMENT
Title Saptparna /
250 ## - EDITION STATEMENT
Edition statement 1 /
260 ## - PUBLICATION, DISTRIBUTION, ETC. (IMPRINT)
Place of publication Delhi :
Name of publisher Rajkamal Prakash ,
Year of publication 1960.
300 ## - PHYSICAL DESCRIPTION
Number of Pages 197 ; .
942 ## - ADDED ENTRY ELEMENTS (KOHA)
Koha item type Books
Holdings
Withdrawn status Lost status Damaged status Home library Current library Date acquired Full call number Accession Number Koha item type Public note
Withdrawn     KAUAET KAUAET 07/04/2012 891.54 4837 Books Deleted
Withdrawn     KAUAET Sanskrit University 07/04/2012 891.54 2016 Books  
Withdrawn     KAUAET Sanskrit University 28/01/2021 891.54 MAH/SA 4839 Books  
free website counter